Estatísticas para Campeões da Liga dos Campeões da CONCACAF

Clique aqui para jogar o quiz

Estatísticas Gerais

  • Esse quiz foi jogado 109 vezes
    (29 desde o último reset)
  • A pontuação média é 38 de 60

Estatísticas das Respostas

AnoPaísCampeão% Correto
1992MéxicoAmérica
100%
1990MéxicoAmérica
100%
1987MéxicoAmérica
100%
2006MéxicoAmérica
100%
2016MéxicoAmérica
100%
1977MéxicoAmérica
100%
2015MéxicoAmérica
100%
2020MéxicoTigres UANL
96%
1962MéxicoGuadalajara
92%
2018MéxicoGuadalajara
92%
1980MéxicoUniversidad Nacional
92%
1989MéxicoUniversidad Nacional
92%
1982MéxicoUniversidad Nacional
92%
2011MéxicoMonterrey
88%
2012MéxicoMonterrey
88%
2013MéxicoMonterrey
88%
2021MéxicoMonterrey
88%
2019MéxicoMonterrey
88%
2017MéxicoPachuca
84%
2010MéxicoPachuca
84%
2008MéxicoPachuca
84%
2007MéxicoPachuca
84%
2002MéxicoPachuca
84%
1969MéxicoCruz Azul
80%
1971MéxicoCruz Azul
80%
1970MéxicoCruz Azul
80%
1996MéxicoCruz Azul
80%
2014MéxicoCruz Azul
80%
1997MéxicoCruz Azul
80%
2000Estados UnidosLos Angeles Galaxy
72%
2003MéxicoToluca
64%
1968MéxicoToluca
64%
2023MéxicoLeón
60%
2022Estados UnidosSeattle Sounders
60%
1999MéxicoNecaxa
56%
1998Estados UnidosD.C. United
52%
1995Costa RicaSaprissa
52%
2005Costa RicaSaprissa
52%
1993Costa RicaSaprissa
52%
1991MéxicoPuebla
48%
2004Costa RicaAlajuelense
44%
1986Costa RicaAlajuelense
44%
1988HondurasOlimpia
40%
1972HondurasOlimpia
40%
1967El SalvadorAlianza
32%
1983MéxicoAtlante
32%
2009MéxicoAtlante
32%
1978GuatemalaComunicaciones
32%
1976El SalvadorÁguila
28%
1979El SalvadorDeportivo FAS
28%
1981SurinameTransvaal
28%
1973SurinameTransvaal
28%
1978MéxicoUniversidad de Guadalajara
28%
1978Trinidad e TobagoDefence Force
24%
1985Trinidad e TobagoDefence Force
24%
1974GuatemalaMunicipal
24%
1984HaitiViolette
24%
1975MéxicoAtlético Español
20%
1994Costa RicaCartaginés
20%
1963HaitiRacing Club Haïtien
16%

Distribuição das Pontuações

Percentil de Números Respondidos

Porcentagem de Pessoas com Cada Pontuação

Sua Pontuação Histórica

Você não jogou esse quiz desde o último reset